000 00331 a2200157 4500
001 70063
020 _a8572084592
040 _cAnchieta - Itaigara
100 _aPereira, Otoniel S.
240 1 0 _aBichário
_lpor
245 1 0 _aBichário
300 _a32
362 0 _a2006
650 4 _aLiteratura infanto-juvenil
942 _cBK
999 _c70063
_d70063